000 nam a22 7a 4500
999 _c9684
_d9684
008 180206b ||||| |||| 00| 0 eng d
100 _aJainco Publication
_95799
245 _aGreat works of O, Henry
260 _aNew Delhi
_bJainco Publication
_c2005